000 00291nam a22001337a 4500
020 _a9781781573044
040 _cnust
082 _a741.2
_bSPI
100 _aSpicer, Jake
_9122958
245 _aDraw
260 _aLondon:
_bRolly Allen,
_c2015.
650 _aDraw
_9122959
942 _2ddc
_cBK
999 _c609323
_d609323